书目信息 |
| 题名: |
中文版Windows XP从入门到精通
|
|
| 作者: | 何弘 , 韩玉民 编著 | |
| 分册: | ||
| 出版信息: | 上海 上海科学普及出版社 2002.10 |
|
| 页数: | 415页 | |
| 开本: | 26cm | |
| 丛书名: | ||
| 单 册: | ||
| 中图分类: | TP316.7 | |
| 科图分类: | ||
| 主题词: | 软件 | |
| 电子资源: | ||
| ISBN: | 7-5427-2273-5 | |
| 000 | 00636nam0 2200205 45 | |
| 001 | 0456282265 | |
| 005 | 2004052815380227 | |
| 010 | @a7-5427-2273-5@dCNY 35.00 | |
| 100 | @a20040528d2002 km y0chiy0120 ea | |
| 101 | 0 | @achi |
| 102 | @aCN@b310000 | |
| 200 | 1 | @a中文版Windows XP从入门到精通@Azhong wen ban Windows XP cong ru men dao jing tong@f何弘,韩玉民编著@Fhe hong,han yu min bian zhu |
| 210 | @a上海@c上海科学普及出版社@d2002.10 | |
| 215 | @a415页@d26cm | |
| 606 | 0 | @a软件 |
| 690 | 1 | @aTP316.7@v4 |
| 701 | 0 | @a何弘@Ahe hong@4编著 |
| 701 | 0 | @a韩玉民@Ahan yu min@4编著 |
| 801 | 0 | @aCN@bPFT@c20040528 |
| 905 | @a10447@dTP316.7@eH172 | |
| 中文版Windows XP从入门到精通/何弘,韩玉民编著.-上海:上海科学普及出版社,2002.10 |
| 415页;26cm |
| ISBN 7-5427-2273-5:CNY 35.00 |
| ● |
| 相关链接 |
|
|
|
正题名:中文版Windows XP从入门到精通
索取号:TP316.7/H172
 
预约/预借
| 序号 | 登录号 | 条形码 | 馆藏地/架位号 | 状态 | 备注 |
| 1 | 378028 | 203780284 | 自科库301/301自科库 87排1列1层/ [索取号:TP316.7/H172] | 在馆 | |
| 2 | 378029 | 203780293 | 自科库301/301自科库 87排1列1层/ [索取号:TP316.7/H172] | 在馆 | |
| 3 | 378030 | 203780300 | 自科二线404/301自科库 51排7列3层/ [索取号:TP316.7/H172] | 在馆 |